| 000 | 01295cam a22003495a 4500 | ||
|---|---|---|---|
| 999 |
_c12819 _d12819 |
||
| 001 | 1205093 | ||
| 003 | EG-ScBUE | ||
| 005 | 20191214141422.0 | ||
| 008 | 980414t1998 caua f b 000 0 eng d | ||
| 020 | _a0838478921 | ||
| 020 | _a9780838478929 | ||
| 035 | _a(OCoLC)38947688 | ||
| 040 |
_aTxDN _beng _erda _cTxDN _dDLC _dEG-ScBUE |
||
| 082 | 0 | 4 |
_a428.007 _bCAM _222 |
| 100 | 1 |
_aCampbell, Cherry, _eauthor. _98990 |
|
| 245 | 1 | 0 |
_aTeaching second-language writing : _binteracting with text / _cCherry Campbell, Monterey Institute of International Studies. |
| 264 | 1 |
_aPacific Grove : _bHeinle and Heinle publishers, _c[1998] |
|
| 264 | 4 | _cc 1998 | |
| 300 |
_axi, 95 pages : _billustrations ; _c24 cm. |
||
| 336 |
_2rdacontent _atext _btxt |
||
| 337 |
_2rdamedia _aunmediated _bn |
||
| 338 |
_2rdacarrier _avolume _bnc |
||
| 490 | 0 |
_aNewbury house teacher development. _aA TeacherSource books |
|
| 504 | _aIncludes bibliographical references. | ||
| 590 | _arana | ||
| 650 | 7 |
_aEnglish language _xStudy and teaching _xForeign speakers. _2BUEsh _98992 |
|
| 650 | 7 |
_aEnglish language _xComposition and exercises. _2BUEsh _98993 |
|
| 653 |
_bHHUUEENN _cJuly2019 |
||
| 655 | _vReading book | ||
| 942 |
_2ddc _cBB |
||